000 00714nam a2200253Ia 4500
003 OSt
005 20220925235927.0
006 a|||||r|||| 00| 0
007 ta
008 220923b |||||||| |||| 00| 0 eng d
020 _a81.21207584
037 _cGeneral Book
040 _aRTL
_cRTL
_beng
041 _2eng
_aeng
082 _aY15.2.P, P2
100 _aJanapathy Varalakshmi
_9301913
245 0 _aIndian women through the ages
260 _a New Delhi
_bGayan Publishing House India
_c2002
300 _axiv,239p
_ccm.
500 _aBibliography chapterwise
650 _aWoman Sociology
942 _hY15.2.P, P2
_cGB
_2CC
999 _c598179
_d598179